Biodiversity in the Eastern Himalayas : (Record no. 19179)

000 -LEADER
fixed length control field 00729cam a2200157 a 4500
040 ## - CATALOGING SOURCE
Transcribing agency DLC
082 ## - DEWEY DECIMAL CLASSIFICATION NUMBER
Classification number 333 INT 2002 C163 Or.
245 00 - TITLE STATEMENT
Title Biodiversity in the Eastern Himalayas :
Remainder of title conservation through dialogue : summary reports of workshops on biodiversity conservation in the Hindu Kush-Himalayan Ecoregion /
260 ## - PUBLICATION, DISTRIBUTION, ETC. (IMPRINT)
Place of publication Kathmandu :
Name of publisher International Centre for Integrated Mountain Development,
Year of publication 2002.
300 ## - PHYSICAL DESCRIPTION
Number of Pages 254 p. :
Other physical details ill. (chiefly col.), maps (some col.) ;
Dimensions 25 cm.
520 ## - SUMMARY, ETC.
Summary, etc With reference to Burmese, Chinese and Indian regions; summaries of studies.
650 #0 - SUBJECT ADDED ENTRY--TOPICAL TERM
Topical Term Biodiversity conservation
700 1# - ADDED ENTRY--PERSONAL NAME
Personal name Chen, Guangwei.
710 2# - ADDED ENTRY--CORPORATE NAME
Corporate name or jurisdiction name as entry element International Centre for Integrated Mountain Development.
942 ## - ADDED ENTRY ELEMENTS (KOHA)
Koha item type សៀវភៅភាសាអង់គ្លេស
952 ## - LOCATION AND ITEM INFORMATION (KOHA)
Withdrawn status [LOCAL, KOHA] 0
Holdings
Permanent Location Date acquired Koha item type Lost status Shelving location Barcode Current Location Full call number
Library Block C2020-05-11សៀវភៅភាសាអង់គ្លេស C163A34390Library Block C333 INT 2002 C163 Or.
មជ្ឈមណ្ឌលឯការនៃសាកលវិទ្យាល័យភូមិន្ទកសិកម្មចំការដូង

Powered by Koha